000
00507nam a2200181Ia 4500
008
090123s9999 xx 000 0 und d
082
_b
4196
100
_a
तेंडुलकर विजय
245
_a
रातराणी
250
_a
1
260
_b
सुलभ मु.
_c
1976
300
_a
144
600
_a
तेंडुलकर विजय
630
_a
रातराणी
700
_a
तेंडुलकर विजय
730
_a
रातराणी
942
_c
BOOK
999
_c
42272
_d
42272